[Event "Tourn. n8802"]
[Site "www.chess-mail.com"]
[Date "2016.08.25"]
[Round "1"]
[White "Mrmoto"]
[Black "Passaroa25"]
[WhiteElo "1630"]
[BlackElo "1570"]
[Result "1-0"]
[Round "1"]
1.c4 c6
2.e4 d6
3.d4 Nb8d7
4.Ng1f3 e6
5.Nb1c3 Nd7b6
6.Bc1e3 Bc8d7
7.Bf1d3 Ng8e7
8.O-O Ne7g6
9.a4 f6
10.a5 Nb6c8
11.b4 a6
12.c5 Bf8e7
13.Rf1e1 O-O
14.d5 Ng6e5
15.Bd3c2 Ne5c4
16.Be3c1 Nc8a7
17.Bc2d3 Nc4e5
18.Bd3e2 Ne5g6
19.h3 e5
20.Nc3a4 Bd7e8
21.Na4b6 Ra8b8
22.Qd1b3 Be8f7
23.Be2c4 Qd8c7
24.dxc6 Na7xc6
25.Bc4xf7 Rf8xf7
26.Nb6d5 Qc7d7
27.b5 Nc6d4
28.Qb3b2 Nd4xb5
29.Nd5b6 Qd7c6
30.cxd6 Be7xd6
31.Bc1d2 Ng6f4
32.Ra1c1 Qc6d7
33.Nb6xd7 Nf4d3
34.Qb2c2 Nd3xe1
35.Nf3xe1 Rf7xd7
36.Qc2a2 Kf8
37.Qa2e6 Nb5d4
38.Qe6xd7 Bd6e7
39.Rc1c8 Rb8xc8
40.Qd7xc8 Kf7
41.Qc8xb7 Nd4e2
42.Kf1 Ne2d4
43.Qb7xa6 Kg6
44.Qa6a7 Nd4c6
45.Qa7a8 Be7b4
46.Bd2xb4 Nc6xb4
47.a6 Nb4xa6
48.Qa8xa6 h5
49.h4 Kh6
50.Ne1f3 Kh7
51.Qa6e6 Kg6
52.Nf3xe5 Kh6
53.g4 hxg4
54.Ne5xg4 Kh5
55.Ng4xf6 gxf6
56.Qe6xf6 { resign }
1-0

[Event "Match"]
[Site "www.echecsemail.com"]
[Date "2016.08.25"]
[Round "1"]
[White "Azorau"]
[Black "Billyg"]
[WhiteElo "2020"]
[BlackElo "1580"]
[Result "0-1"]
[Round "1"]
1.e4 d5
2.Nb1c3 c6
3.Ng1f3 d4
4.Nc3a4 Bc8d7
5.Na4c5 Qd8c7
6.Nf3xd4 b6
7.Nc5d3 c5
8.Nd4f3 Ng8f6
9.e5 Nf6d5
10.g3 Bd7g4
11.Bf1g2 c4
12.Nd3f4 e6
13.Nf4xd5 exd5
14.c3 Bg4xf3
15.Qd1xf3 Qc7xe5
16.Kd1 Qe5d6
17.Rh1e1 Bf8e7
18.d4 Nb8c6
19.Bc1f4 Qd6f6
20.Bg2h3 O-O
21.Bh3d7 Ra8d8
22.Bd7xc6 Be7d6
23.Qf3xd5 Bd6xf4
24.Qd5xc4 Rd8c8
25.d5 Bf4d6
26.f4 g5
27.Qc4d3 gxf4
28.Re1f1 Rc8e8
29.Bc6xe8 Rf8xe8
30.gxf4 Bd6xf4
31.Qd3b5 Re8e5
32.Rf1g1 Kh8
33.Qb5d7 Bf4g5
34.Kc2 Qf6f2
35.Kb3 Qf2e2
36.Qd7xf7 Qe2b5
37.Kc2 Re5e2
{ resign }
0-1

[Event "1/32 Finale"]
[Site "www.chess-mail.com"]
[Date "2016.08.25"]
[Round "1"]
[White "Picifarkinca"]
[Black "Bluetealeaf"]
[WhiteElo "1980"]
[BlackElo "1750"]
[Result "1-0"]
[Round "1"]
1.Ng1f3 f6
2.g3 d5
3.Bf1g2 e5
4.d3 Bf8c5
5.O-O g5
6.c4 d4
7.Bc1d2 Nb8c6
8.a3 Bc8e6
9.b4 Bc5e7
10.b5 Nc6b8
11.Nf3e1 Nb8d7
12.Bg2xb7 Ra8b8
13.Bb7g2 h5
14.e3 g4
15.exd4 exd4
16.a4 Nd7c5
17.Bd2f4 f5
18.Nb1a3 Ng8f6
19.Na3c2 h4
20.Bg2c6 Kf7
21.Bf4e5 hxg3
22.fxg3 Qd8g8
23.Nc2xd4 Qg8g5
24.Ra1a2 Qg5e3
25.Ra2f2 Qe3xe5
26.Nd4xe6 Qe5xe6
27.Rf2xf5 Rh8h3
28.Bc6d5 Qe6xd5
29.Rf5xd5 Rb8h8
30.Ne1g2 Rh3xh2
31.Ng2h4 Rh2h3
32.Kg2 Be7d6
33.Rf1xf6 Kxf6
34.Rd5xd6 Ke7
35.Rd6d5 Nc5e6
36.Qd1xg4 Rh8f8
37.Qg4xh3 Rf8g8
38.Rd5e5 Kd6
39.Qh3xe6 
1-0

[Event "1/32 Finale"]
[Site "www.chess-mail.com"]
[Date "2016.08.25"]
[Round "1"]
[White "Paaliaq"]
[Black "Ciappo"]
[WhiteElo "2590"]
[BlackElo "2540"]
[Result "1-0"]
[Round "1"]
1.d4 Ng8f6
2.c4 g6
3.Nb1c3 Bf8g7
4.e4 d6
5.h3 Nb8d7
6.Bf1e2 O-O
7.Ng1f3 c6
8.Bc1e3 e5
9.d5 Qd8e7
10.O-O c5
11.Qd1d2 a6
12.Nf3h2 Nf6e8
13.Nh2g4 f5
14.Be3g5 Nd7f6
15.Ng4h6 Kh8
16.exf5 gxf5
17.f4 e4
18.Kh1 Bc8d7
19.Nc3d1 b5
20.Nd1e3 Bg7xh6
21.Bg5xh6 Rf8g8
22.b4 bxc4
23.bxc5 dxc5
24.Ra1b1 Ne8d6
25.Rb1b6 Nd6b5
26.Bh6g5 Rg8g6
27.Be2xc4 h6
28.Bg5h4 Kh7
29.Qd2b2 Nb5d4
30.g4 { resign }
1-0

[Event "Fast Game"]
[Site "www.echecsemail.com"]
[Date "2016.08.25"]
[Round "1"]
[White "Attatroll"]
[Black "Libiesse"]
[WhiteElo "1840"]
[BlackElo "1650"]
[Result "1-0"]
[Round "1"]
1.d4 d5
2.c4 e6
3.Nb1c3 Ng8f6
4.Ng1f3 Bf8e7
5.Bc1f4 a6
6.e3 O-O
7.c5 b6
8.b4 Bc8b7
9.Bf1e2 Nb8c6
10.a3 b5
11.O-O Ra8b8
12.a4 Nc6xb4
13.axb5 axb5
14.Nc3xb5 Rb8a8
15.Qd1b3 Nb4c6
16.Bf4xc7 Qd8d7
17.Bc7d6 Ra8xa1
18.Rf1xa1 Rf8a8
19.Ra1xa8 Bb7xa8
20.Nb5c7 Be7xd6
21.cxd6 Qd7c8
22.Qb3b6 Nf6e4
23.Be2a6 Qc8b8
24.Qb6xb8 Nc6xb8
25.Nc7xa8 { resign }
1-0

[Event "Tourn. n8894"]
[Site "www.chess-mail.com"]
[Date "2016.08.26"]
[Round "1"]
[White "Drawlward"]
[Black "Egdiogel"]
[WhiteElo "2009"]
[BlackElo "2189"]
[Result "1-0"]
[Round "1"]
1.e4 g6
2.d4 Bf8g7
3.Nb1c3 a6
4.f4 b5
5.Ng1f3 d6
6.Bf1d3 Bc8b7
7.O-O Nb8d7
8.e5 e6
9.Nc3e4 Bb7xe4
10.Bd3xe4 d5
11.Be4d3 Ng8e7
12.a4 c6
13.axb5 axb5
14.Bc1d2 O-O
15.Bd2b4 Rf8e8
16.Qd1d2 Ra8xa1
17.Rf1xa1 Qd8b8
18.Bb4d6 Qb8b7
19.Qd2a5 Ne7c8
20.Bd6b4 Bg7f8
21.Bb4xf8 Kxf8
22.Qa5e1 Kg7
23.Qe1h4 h6
24.g4 Nc8e7
25.f5 exf5
26.gxf5 Ne7xf5
27.Bd3xf5 gxf5
28.Kh1 Re8e6
29.Qh4d8 Nd7b8
30.Ra1g1 Re6g6
31.Rg1xg6 fxg6
32.e6 { resign }
1-0

[Event "Tourn. n8792"]
[Site "www.chess-mail.com"]
[Date "2016.08.26"]
[Round "1"]
[White "A27l"]
[Black "Osmundw"]
[WhiteElo "1230"]
[BlackElo "1380"]
[Result "1-0"]
[Round "1"]
1.e4 e6
2.d3 d5
3.exd5 exd5
4.h3 Bf8d6
5.Ng1f3 Bc8e6
6.Bc1e3 g5
7.Nf3h2 h6
8.a3 Nb8c6
9.Bf1e2 f6
10.Nb1d2 b5
11.Nd2b3 a6
12.Nb3d2 f5
13.f3 f4
14.Be3f2 Ng8f6
15.Nd2b3 a5
16.c3 a4
17.Nb3d4 b4
18.Nd4xe6 Qd8e7
19.Ne6d4 Ra8a6
20.Nd4xc6 Ra6xc6
21.cxb4 Rc6b6
22.Bf2xb6 cxb6
23.O-O Bd6e5
24.Ra1b1 b5
25.Nh2g4 h5
26.Ng4xf6 Qe7xf6
27.Qd1d2 g4
28.fxg4 hxg4
29.Be2xg4 Rh8h4
30.Rf1f3 Be5d4
31.Kf1 Bd4e3
32.Qd2e2 d4
33.g3 fxg3
34.Rf3xf6 Rh4h7
35.Rf6e6 Kd7
36.Re6h6 Ke7
37.Rh6xh7 Kf6
38.Qe2f3 Kg6
39.Qf3f5 { resign }
1-0

[Event "Tourn. n8789"]
[Site "www.chess-mail.com"]
[Date "2016.08.26"]
[Round "1"]
[White "Fabos12"]
[Black "Claudia"]
[WhiteElo "1860"]
[BlackElo "1950"]
[Result "0-1"]
[Round "1"]
1.Ng1f3 d5
2.d4 Ng8f6
3.c4 e6
4.Bc1g5 Bf8e7
5.Bg5xf6 Be7xf6
6.Nb1c3 O-O
7.cxd5 exd5
8.e3 c6
9.Ra1c1 Bc8f5
10.Bf1d3 Bf5xd3
11.Qd1xd3 Nb8d7
12.Nc3e2 Qd8a5
13.Ne2c3 Rf8e8
14.O-O g6
15.Rf1e1 Bf6g7
16.e4 dxe4
17.Nc3xe4 Qa5xa2
18.Ne4d6 Re8xe1
19.Rc1xe1 b6
20.Nf3e5 Nd7xe5
21.dxe5 Qa2xb2
22.Qd3f3 Ra8f8
23.Nd6c4 Qb2a2
24.Qf3d3 b5
25.Nc4a3 Bg7xe5
26.Kf1 Be5g7
27.g3 b4
28.Na3b1 c5
29.Re1c1 Bg7d4
30.Qd3d2 Qa2xd2
31.Nb1xd2 a5
32.Nd2b3 a4
33.Nb3xd4 cxd4
34.Ke2 b3
35.Rc1c4 a3
36.Rc4xd4 b2
37.Rd4b4 a2
38.Rb4xb2 a1Q
{ resign }
0-1

[Event "Tourn. n8902"]
[Site "www.chess-mail.com"]
[Date "2016.08.26"]
[Round "1"]
[White "Bronstein70"]
[Black "Julian"]
[WhiteElo "1939"]
[BlackElo "2070"]
[Result "1-0"]
[Round "1"]
1.e4 c5
2.f4 d6
3.Nb1c3 Nb8c6
4.Ng1f3 e6
5.Bf1b5 Ng8e7
6.O-O g6
7.d4 cxd4
8.Qd1xd4 Rh8g8
9.Qd4f2 Bf8g7
10.Rf1d1 Qd8c7
11.e5 dxe5
12.Nc3e4 exf4
13.Ne4d6 Kf8
14.Bc1xf4 e5
15.Nf3g5 Rg8h8
16.Bf4e3 Ne7f5
17.Be3c5 Nf5xd6
18.Bc5xd6 Qc7xd6
19.Qf2xf7 
1-0

[Event "Tourn. n8838"]
[Site "www.chess-mail.com"]
[Date "2016.08.26"]
[Round "1"]
[White "Gatrooper"]
[Black "Bluetealeaf"]
[WhiteElo "1600"]
[BlackElo "1750"]
[Result "1-0"]
[Round "1"]
1.e4 e5
2.a3 d5
3.exd5 Qd8xd5
4.d3 Bf8d6
5.Nb1c3 Qd5c5
6.Bc1e3 Qc5c6
7.d4 e4
8.Bf1b5 Qc6d7
9.Bb5xd7 Bc8xd7
10.Nc3xe4 Nb8c6
11.d5 Nc6e5
12.Be3d4 Ne5c4
13.b3 Nc4xa3
14.Qd1e2 Bd7b5
15.c4 Bd6b4
16.Bd4c3 a5
17.Bc3xb4 axb4
18.Ne4d6 Kf8
19.cxb5 Ng8f6
20.Kf1 g6
21.Ra1e1 Kg7
22.Nd6xb7 Rh8e8
23.Qe2f3 Na3c2
24.Re1xe8 Ra8xe8
25.g4 Nc2d4
26.Qf3d1 Nd4xb5
27.g5 Nf6e4
28.Qd1a1 Kg8
29.h4 Ne4d2
30.Kg2 Nd2xb3
31.Qa1f6 Nb3d4
32.h5 Nd4f5
33.hxg6 fxg6
34.Qf6c6 Nb5d6
35.Qc6d7 Nf5g7
36.Nb7xd6 Re8f8
37.Nd6e4 h5
38.Ne4f6 Kh8
39.Ng1f3 c5
40.Nf3e5 b3
41.Ne5f7 { resign }
1-0

[Event "Tourn. n8903"]
[Site "www.chess-mail.com"]
[Date "2016.08.26"]
[Round "1"]
[White "Cal"]
[Black "Ison"]
[WhiteElo "1750"]
[BlackElo "1780"]
[Result "0-1"]
[Round "1"]
1.c4 Ng8f6
2.Nb1c3 g6
3.e4 d6
4.h3 Bf8g7
5.Ng1f3 Nb8c6
6.d3 O-O
7.Bf1e2 e5
8.O-O Bc8e6
9.a3 a6
10.b4 Qd8d7
11.Kh2 Nc6e7
12.Bc1g5 c6
13.Nf3h4 h6
14.Bg5xf6 Bg7xf6
15.Nh4f3 d5
16.cxd5 cxd5
17.Nf3d2 Ra8c8
18.f4 Rc8xc3
19.fxe5 Bf6xe5
20.g3 Be6xh3
21.Nd2f3 Be5g7
22.exd5 Bh3xf1
23.Be2xf1 Qd7xd5
24.Bf1e2 Rf8c8
25.d4 Ne7f5
26.Nf3e1 Nf5xd4
27.Ne1f3 Qd5h5
28.Kg2 Nd4xe2
29.Ra1a2 Qh5xf3
30.Kh2 Qf3xg3
31.Kh1 Qg3h3
{ resign }
0-1

[Event "Tourn. n8867"]
[Site "www.chess-mail.com"]
[Date "2016.08.26"]
[Round "1"]
[White "Nimzo"]
[Black "Paaliaq"]
[WhiteElo "2830"]
[BlackElo "2580"]
[Result "1/2-1/2"]
[Round "1"]
1.d4 Ng8f6
2.c4 e6
3.Nb1c3 Bf8b4
4.Qd1c2 c5
5.dxc5 O-O
6.Ng1f3 Nb8a6
7.g3 Na6xc5
8.Bf1g2 b6
9.O-O Bc8b7
10.Nc3b5 Bb7e4
11.Qc2d1 Nc5b7
12.a3 Bb4e7
13.Bc1f4 d5
14.Nb5c3 Ra8c8
15.cxd5 Be4xd5
16.Nc3xd5 Nf6xd5
17.Bf4e5 Be7f6
18.Be5xf6 Nd5xf6
19.Nf3d4 Rc8c7
20.Nd4c6 Qd8xd1
21.Rf1xd1 Nb7c5
22.Ra1c1 g6
23.b4 Nc5a4
24.e4 Kg7
25.e5 Nf6g8
26.Rd1d6 Ng8e7
27.f4 Ne7f5
28.Rd6d1 { draw }
1/2-1/2

[Event "Tourn. n8904"]
[Site "www.chess-mail.com"]
[Date "2016.08.26"]
[Round "1"]
[White "Orhany24"]
[Black "Ffdd65"]
[WhiteElo "2190"]
[BlackElo "2230"]
[Result "0-1"]
[Round "1"]
1.d4 d5
2.c4 e6
3.a3 Ng8f6
4.Nb1c3 c6
5.f3 dxc4
6.e4 b5
7.b3 Bc8a6
8.bxc4 bxc4
9.Bc1e3 Nb8d7
10.Qd1a4 Ba6b7
11.Qa4xc4 Nd7b6
12.Qc4b3 Bb7c8
13.Bf1d3 Bf8e7
14.Ng1e2 Nf6d7
15.O-O e5
16.d5 Nd7c5
17.Be3xc5 Be7xc5
18.Kh1 Bc8d7
19.dxc6 Bd7xc6
20.a4 Qd8xd3
21.Rf1d1 Qd3c4
22.Qb3b2 Qc4e6
23.Nc3b5 Qe6e7
24.Ra1c1 O-O
25.Qb2c3 Bc6xb5
26.axb5 Ra8c8
27.Qc3a5 Rc8c7
28.Ne2c3 Rf8c8
29.h3 Bc5b4
30.Nc3d5 Nb6xd5
31.Rc1xc7 Rc8xc7
{ resign }
0-1

[Event "Tourn. n8729"]
[Site "www.chess-mail.com"]
[Date "2016.08.26"]
[Round "1"]
[White "Bronstein70"]
[Black "Claudia"]
[WhiteElo "999"]
[BlackElo "2070"]
[Result "1-0"]
[Round "1"]
1.e4 c5
2.f4 Nb8c6
3.Ng1f3 d6
4.Bf1b5 Bc8d7
5.c4 e6
6.Nb1c3 Ng8f6
7.O-O a6
8.Bb5a4 Bf8e7
9.e5 dxe5
10.fxe5 Nc6xe5
11.Nf3xe5 Bd7xa4
12.Qd1xa4 Kf8
13.Ne5f3 h6
14.Qa4c2 g5
15.Nc3e2 Qd8d6
16.b3 Ra8d8
17.Bc1b2 Rh8g8
18.Ne2g3 b6
19.Ra1d1 Nf6g4
20.Ng3h5 { resign }
1-0

[Event "Tourn. n8854"]
[Site "www.chess-mail.com"]
[Date "2016.08.26"]
[Round "1"]
[White "Julian"]
[Black "Comrade"]
[WhiteElo "2070"]
[BlackElo "2150"]
[Result "0-1"]
[Round "1"]
1.e4 c5
2.Ng1f3 Nb8c6
3.Bf1c4 e6
4.c3 d5
5.exd5 exd5
6.Bc4b3 Ng8f6
7.O-O a6
8.d4 Bf8e7
9.Rf1e1 O-O
10.Bc1f4 Bc8g4
11.h3 Bg4xf3
12.Qd1xf3 cxd4
13.Bb3c2 Rf8e8
14.Nb1d2 dxc3
15.bxc3 Be7d6
16.Re1xe8 Qd8xe8
17.Bf4xd6 Ra8d8
18.Bd6f4 Rd8d7
19.Bc2f5 Rd7e7
20.Bf4d6 Re7e2
21.Nd2f1 g6
22.Bf5d3 Re2e6
23.Bd6g3 b5
24.Nf1e3 Nf6d7
25.Ne3xd5 Nd7e5
26.Bg3xe5 Nc6xe5
27.Nd5f6 Re6xf6
28.Qf3e3 Rf6e6
29.Bd3c2 Ne5g4
30.Qe3d2 Re6e2
31.Qd2d4 Re2e1
{ resign }
0-1

[Event "Tourn. n8844"]
[Site "www.chess-mail.com"]
[Date "2016.08.26"]
[Round "1"]
[White "Cheminet"]
[Black "Abuelo"]
[WhiteElo "2070"]
[BlackElo "2200"]
[Result "0-1"]
[Round "1"]
1.e4 e5
2.Ng1f3 d6
3.Bf1c4 Bc8g4
4.c3 Ng8f6
5.h3 Bg4xf3
6.Qd1xf3 Nb8c6
7.Nb1a3 a6
8.Na3c2 Bf8e7
9.d4 exd4
10.cxd4 O-O
11.Bc1e3 Nc6a5
12.b3 b5
13.Bc4d3 h6
14.Ra1c1 c6
15.Nc2b4 c5
16.Nb4d5 Nf6xd5
17.exd5 Rf8e8
18.O-O Na5b7
19.dxc5 { time. }
0-1

[Event "Match"]
[Site "www.echecsemail.com"]
[Date "2016.08.26"]
[Round "1"]
[White "Gambitmiau"]
[Black "Pare123"]
[WhiteElo "1840"]
[BlackElo "1960"]
[Result "0-1"]
[Round "1"]
1.e4 e6
2.d4 d6
3.Ng1f3 Bf8e7
4.Bf1d3 Ng8f6
5.Bc1g5 O-O
6.Nb1c3 h6
7.Bg5d2 Nb8c6
8.O-O a6
9.d5 exd5
10.Nc3xd5 Nf6xd5
11.exd5 Nc6e5
12.Nf3xe5 dxe5
13.c4 Be7c5
14.a3 Rf8e8
15.b4 Bc5d4
16.Ra1b1 c6
17.Qd1h5 Qd8d6
18.Bd3e4 Bc8d7
19.c5 Qd6f6
20.Bd2e3 cxd5
21.Be4xd5 Bd7c6
22.Bd5xc6 Qf6xc6
23.Be3xd4 exd4
24.Rb1d1 Ra8d8
25.Rd1d3 Re8e6
26.f4 Re6g6
27.Qh5f3 Qc6b5
28.Rf1d1 Qb5c4
29.Qf3xb7 Rg6f6
30.Qb7e4 Rf6e6
31.Qe4f3 a5
32.bxa5 Qc4xc5
33.h3 Qc5xa5
34.f5 Re6f6
35.g4 Qa5c5
36.h4 Kf8
37.Kg2 Rf6b6
38.Rd3xd4 Rb6b2
39.Kf1 Qc5b5
40.Kg1 Qb5c5
41.Qf3d3 Kg8
42.Kf1 Rd8xd4
43.Qd3xd4 Qc5b5
44.Kg1 Qb5e2
45.Qd4d5 Qe2f2
{ resign }
0-1

[Event "Match"]
[Site "www.echecsemail.com"]
[Date "2016.08.26"]
[Round "1"]
[White "Susov"]
[Black "Bronstein70"]
[WhiteElo "1890"]
[BlackElo "999"]
[Result "0-1"]
[Round "1"]
1.e4 d5
2.exd5 Qd8xd5
3.Nb1c3 Qd5e5
4.Qd1e2 Qe5xe2
5.Ng1xe2 Ng8f6
6.d4 Bc8f5
7.Bc1f4 Nb8c6
8.O-O-O O-O-O
9.Nc3b5 Nf6d5
10.a3 a6
11.Nb5c3 Nd5xf4
12.Ne2xf4 Rd8xd4
13.Bf1d3 Rd4xf4
14.f3 Bf5xd3
15.Rd1xd3 Rf4d4
16.Rh1d1 e5
17.Nc3e2 Rd4xd3
18.Rd1xd3 Bf8e7
19.Ne2c3 f5
20.Nc3e2 Be7g5
21.Kb1 Rh8d8
22.Rd3xd8 Kxd8
23.c3 e4
24.fxe4 fxe4
25.g3 h5
26.h4 Bg5e3
27.Kc2 Be3f2
28.Kd1 Nc6e5
29.Ne2f4 g6
30.Nf4e2 b5
31.Kd2 Ke7
32.Ne2f4 Ne5c4
33.Ke2 Bf2xg3
34.Nf4d5 Ke6
35.Nd5xc7 Bg3xc7
{ resign }
0-1

[Event "1/8 Finale"]
[Site "www.chess-mail.com"]
[Date "2016.08.26"]
[Round "1"]
[White "Vega"]
[Black "Hundegana"]
[WhiteElo "2590"]
[BlackElo "2100"]
[Result "1-0"]
[Round "1"]
1.e4 c5
2.Ng1f3 d6
3.d4 Qd8c7
4.dxc5 Qc7xc5
5.Nb1c3 a6
6.Bc1e3 Qc5c7
7.Nc3d5 Qc7a5
8.Qd1d2 Qa5d8
9.Be3b6 Qd8d7
10.Nd5c7 Qd7xc7
11.Bb6xc7 Nb8c6
12.Bf1c4 h6
13.e5 Kd7
14.exd6 e6
15.O-O-O Ng8f6
16.Qd2d3 Nf6g4
17.Rh1e1 Ng4xf2
18.Bc4xe6 fxe6
19.Qd3g6 Nc6d8
20.Nf3e5 { resign }
1-0

[Event "1/128 Finale"]
[Site "www.chess-mail.com"]
[Date "2016.08.26"]
[Round "1"]
[White "Mitja"]
[Black "Yvis92"]
[WhiteElo "1900"]
[BlackElo "1799"]
[Result "0-1"]
[Round "1"]
1.d4 Ng8f6
2.e3 d5
3.h3 c5
4.dxc5 e5
5.c3 Bf8xc5
6.Nb1d2 O-O
7.Nd2b3 Bc5d6
8.Ng1f3 Nb8c6
9.Bf1e2 a6
10.g4 Bd6e7
11.Qd1c2 Nf6e4
12.Nb3d2 f5
13.Nd2xe4 fxe4
14.Nf3h2 Bc8e6
15.b3 Ra8c8
16.Bc1b2 Be7d6
17.Kd2 Nc6b4
18.Qc2b1 d4
19.cxb4 Bd6xb4
{ resign }
0-1

[Event "Eq:Slap Shot Mates-Team USA : "]
[Site "www.chess-mail.com"]
[Date "2016.08.26"]
[Round "1"]
[White "Uji40"]
[Black "Jpmartinez"]
[WhiteElo "1980"]
[BlackElo "2550"]
[Result "0-1"]
[Round "1"]
1.e4 Ng8f6
2.e5 Nf6d5
3.d4 d6
4.Ng1f3 g6
5.Bf1c4 Nd5b6
6.Bc4b3 Bf8g7
7.Qd1e2 O-O
8.O-O Bc8g4
9.h3 Bg4xf3
10.Qe2xf3 Nb8c6
11.Rf1d1 e6
12.Nb1c3 dxe5
13.Bc1e3 exd4
14.Nc3b5 Qd8h4
15.Nb5xd4 Bg7xd4
16.c3 Bd4xe3
17.Qf3xe3 Ra8d8
18.a4 a5
19.Rd1d2 Rd8xd2
20.Qe3xd2 Rf8d8
21.Qd2e2 Qh4f6
22.Ra1d1 Rd8xd1
23.Qe2xd1 Qf6e5
24.g3 Nb6d5
25.Qd1d2 Nc6e7
26.Bb3c4 Qe5f5
27.Bc4d3 Qf5e5
28.Qd2d1 Qe5h5
29.Qd1b3 Qh5f3
30.Bd3f1 b6
31.Qb3b5 Kg7
32.c4 Nd5f6
33.Qb5e5 Qf3c6
34.b3 Qc6d6
35.Qe5c3 Ne7c6
36.Qc3f3 Nc6d4
37.Qf3e3 e5
38.Kg2 Nf6d7
39.Kg1 Nd7c5
40.Bf1g2 Nd4xb3
41.Bg2d5 Nb3d4
42.Kg2 c6
43.Bd5e4 Nc5xe4
44.Qe3xe4 f5
45.Qe4b1 Qd6b4
46.Qb1c1 Qb4b3
47.Qc1g5 Qb3f3
48.Kg1 Qf3d1
49.Kg2 Qd1g1
50.Kxg1 Nd4f3
{ resign }
0-1

[Event "Fast Game"]
[Site "www.echecsemail.com"]
[Date "2016.08.26"]
[Round "1"]
[White "Mafija132"]
[Black "Hennie4820"]
[WhiteElo "1599"]
[BlackElo "1650"]
[Result "0-1"]
[Round "1"]
1.e4 c5
2.Bf1c4 Nb8c6
3.Qd1h5 e6
4.Ng1f3 Ng8f6
5.Qh5h4 Bf8e7
6.Nb1c3 d5
7.Bc4b5 Nf6xe4
8.Qh4f4 Ne4xc3
9.dxc3 O-O
10.Nf3e5 Nc6xe5
11.Qf4xe5 Be7d6
12.Qe5g5 f6
 { time }
0-1

[Event "Tourn. n8735"]
[Site "www.chess-mail.com"]
[Date "2016.08.27"]
[Round "1"]
[White "Nimzo"]
[Black "Seger"]
[WhiteElo "2870"]
[BlackElo "2740"]
[Result "1/2-1/2"]
[Round "1"]
1.d4 Ng8f6
2.c4 e6
3.Nb1c3 Bf8b4
4.Qd1c2 O-O
5.e4 d5
6.e5 Nf6e4
7.Bf1d3 c5
8.Ng1f3 cxd4
9.Nf3xd4 Nb8d7
10.Bc1f4 Qd8h4
11.g3 Qh4h3
12.O-O-O Ne4xc3
13.bxc3 Bb4a3
14.Kb1 Qh3h5
15.cxd5 exd5
16.Nd4b5 Ba3c5
17.Nb5c7 Ra8b8
18.Bd3e2 Qh5g6
19.Qc2xg6 hxg6
20.Nc7xd5 Nd7b6
21.e6 Bc8xe6
22.Nd5xb6 Bc5xb6
23.Bf4xb8 Rf8xb8
24.f4 Bb6d8
25.h3 Bd8f6
26.Be2g4 Be6c4
27.Kc2 Bc4xa2
28.Rd1d7 Ba2c4
29.Rh1a1 Rb8e8
30.Kd2 Bc4a6
31.Bg4f3 Bf6xc3
32.Kxc3 Re8e3
33.Kd2 Re3xf3
34.Ra1c1 g5
35.fxg5 Rf3xg3
36.h4 Rg3g2
37.Ke3 Rg2e2
38.Kf4 Re2b2
39.Rc1c7 Ba6b5
40.Rc7xb7 Bb5xd7
41.Rb7xb2 g6
42.Rb2b7 Bd7c6
43.Rb7xa7 Kg7
44.Ke5 Bc6f3
45.Kd6 { draw }
1/2-1/2

[Event "Tourn. n8908"]
[Site "www.chess-mail.com"]
[Date "2016.08.27"]
[Round "1"]
[White "Ison"]
[Black "Kozakliuty"]
[WhiteElo "1780"]
[BlackElo "1660"]
[Result "1-0"]
[Round "1"]
1.e4 f6
2.d4 e6
3.Ng1f3 d5
4.Nb1c3 dxe4
5.Nc3xe4 Bc8d7
6.Bf1c4 Nb8c6
7.O-O Bf8d6
8.Rf1e1 Qd8e7
9.Bc1e3 O-O-O
10.a4 h6
11.a5 a6
12.c3  { time }
1-0

[Event "Tourn. n8905"]
[Site "www.chess-mail.com"]
[Date "2016.08.27"]
[Round "1"]
[White "Mitja"]
[Black "Picifarkinca"]
[WhiteElo "1910"]
[BlackElo "1990"]
[Result "0-1"]
[Round "1"]
1.d4 d5
2.e3 Ng8f6
3.h3 e6
4.Ng1f3 c5
5.dxc5 Bf8xc5
6.c3 O-O
7.Nb1d2 Nb8c6
8.Nd2b3 Bc5e7
9.Bf1d3 e5
10.Bd3c2 e4
11.Nf3d4 Nc6e5
12.f4 Ne5c4
13.Qd1e2 Bc8d7
14.Nb3d2 b5
15.Nd2xc4 bxc4
16.b3 Qd8c7
17.Bc1b2 Ra8b8
18.Ra1b1 Rf8c8
19.b4 Nf6e8
20.a3 Ne8d6
21.g4 Nd6b5
22.Nd4xb5 Rb8xb5
23.g5 Bd7f5
24.Kd2 Rc8b8
25.a4 Rb5b7
26.a5 Rb8c8
27.Bc2a4 Be7xb4
28.cxb4 c3
29.Bb2xc3 Qc7xc3
30.Kd1 Rb7xb4
31.Rb1xb4 Qc3c1
{ resign }
0-1

[Event "Tourn. n8913"]
[Site "www.chess-mail.com"]
[Date "2016.08.27"]
[Round "1"]
[White "Ison"]
[Black "Nulladies"]
[WhiteElo "1939"]
[BlackElo "1750"]
[Result "1-0"]
[Round "1"]
1.e4 b6
2.d4 Bc8b7
3.Nb1c3 Ng8f6
4.e5 Nf6d5
5.Nc3xd5 Bb7xd5
6.c4 Bd5e4
7.Ng1f3 d5
8.Bf1d3 f5
9.O-O e6
10.cxd5 Qd8xd5
11.Bd3xe4 fxe4
12.Nf3g5 h6
13.Qd1h5 Kd7
14.Qh5f7 Kc6
15.Qf7xe6 Qd5xe6
16.Ng5xe6 Nb8d7
17.Rf1e1 Kd5
18.Ne6xc7 Kxd4
19.Nc7xa8 Bf8c5
20.Bc1e3 Kxe5
21.Be3xc5 Nd7xc5
22.Na8c7 Nc5d3
23.Re1e2 Rh8c8
24.Nc7b5 a6
25.Nb5c3 g5
26.Re2xe4 Kf6
27.Nc3d5 Kf5
28.Re4d4 Nd3xb2
29.Nd5e7 { resign }
1-0

[Event "Tourn. n8816"]
[Site "www.chess-mail.com"]
[Date "2016.08.27"]
[Round "1"]
[White "Bojan"]
[Black "Fabos12"]
[WhiteElo "1930"]
[BlackElo "1870"]
[Result "1-0"]
[Round "1"]
1.e4 e5
2.Ng1f3 Nb8c6
3.Bf1b5 d6
4.d4 Bc8d7
5.c4 a6
6.Bb5a4 Ra8b8
7.d5 Nc6b4
8.Ba4xd7 Qd8xd7
9.a3 Nb4xd5
10.exd5 g6
11.b3 c6
12.dxc6 Qd7xc6
13.O-O f5
14.Nb1c3 Ng8f6
15.Rf1e1 Bf8g7
16.Bc1b2 O-O
17.Nf3g5 Rb8e8
18.Ra1c1 h6
19.Ng5h3 Kh7
20.Re1e2 g5
21.Kh1 g4
22.Nh3g1 h5
23.Rc1c2 Re8e6
24.f3 Rf8e8
25.Nc3d5 Nf6d7
26.Qd1e1 Nd7c5
27.b4 Nc5d3
28.Qe1h4 Re6h6
29.Bb2c3 Kg8
30.Bc3d2 Rh6h7
31.Re2e3 e4
32.fxe4 fxe4
33.Ng1e2 Qc6a4
34.Bd2c3 Qa4xc2
35.Bc3xg7 Qc2d1
36.Ne2g1 Rh7xg7
37.Nd5f6 Kf7
38.Nf6xe8 Kxe8
39.Re3xe4 Kd7
40.Qh4f6 Qd1a1
41.Qf6f5 Kc7
42.Re4e3 Nd3e5
43.Qf5xh5 Kb6
44.c5 Kc6
45.cxd6 Kxd6
46.Qh5h6 Rg7g6
47.Qh6f4 Kd5
48.h3 Qa1d4
49.Qf4g3 Qd4a1
50.Kh2 Rg6g5
51.h4 Rg5h5
52.Ng1e2 Rh5f5
53.Ne2c3 Ke6
54.Qg3xg4 Qa1xc3
55.Qg4g6 Kd5
56.Qg6g8 Kd4
57.Re3xc3 Kxc3
58.Qg8c8 { resign }
1-0

[Event "Tourn. n8884"]
[Site "www.chess-mail.com"]
[Date "2016.08.27"]
[Round "1"]
[White "Taxrama"]
[Black "Nulladies"]
[WhiteElo "1760"]
[BlackElo "1740"]
[Result "0-1"]
[Round "1"]
1.e4 c5
2.Ng1f3 g6
3.Bf1c4 e6
4.Nb1c3 Bf8g7
5.O-O Nb8c6
6.Nc3d5 exd5
7.exd5 Nc6a5
8.Rf1e1 Kf8
9.d3 d6
10.Qd1e2 Na5xc4
11.dxc4 Ng8f6
12.Bc1g5 h6
13.Bg5d2 Kg8
14.h3 Kh7
15.Qe2e3 Rh8e8
16.Nf3g5 Kg8
17.Qe3g3 hxg5
18.Bd2xg5 Bc8f5
19.Re1c1 Qd8b6
20.b3 Nf6e4
21.Qg3e3 Ne4xg5
22.Qe3xg5 Qb6d8
23.Qg5d2 Bg7xa1
24.Rc1xa1 Qd8f6
25.Ra1c1 Re8e7
26.g4 Bf5e4
27.Rc1f1 Qf6f3
{ resign }
0-1

[Event "Tourn. n8819"]
[Site "www.chess-mail.com"]
[Date "2016.08.27"]
[Round "1"]
[White "Pellix84"]
[Black "Wwgia"]
[WhiteElo "1910"]
[BlackElo "1990"]
[Result "0-1"]
[Round "1"]
1.d4 c5
2.d5 e5
3.e4 d6
4.Nb1c3 g6
5.f4 Bf8g7
6.Ng1f3 Nb8d7
7.Bf1b5 a6
8.Bb5xd7 Bc8xd7
9.fxe5 dxe5
10.Bc1g5 f6
11.Bg5h4 Bd7g4
12.Qd1d3 Qd8d6
13.O-O Ng8h6
14.h3 Bg4xf3
15.Rf1xf3 O-O
16.Ra1f1 Kh8
17.Qd3e3 Nh6g8
18.Nc3d1 b5
19.Nd1f2 f5
20.Nf2d3 c4
21.Nd3c5 Bg7h6
22.Qe3f2 fxe4
23.Nc5xe4 Rf8xf3
24.Qf2xf3 Qd6xd5
25.Rf1d1 Qd5e6
26.Rd1d6 Qe6e8
27.Ne4f6 Ng8xf6
28.Bh4xf6 Bh6g7
29.Bf6xg7 Kxg7
 { time }
0-1

[Event "Tourn. n8885"]
[Site "www.chess-mail.com"]
[Date "2016.08.27"]
[Round "1"]
[White "Picifarkinca"]
[Black "Pellix84"]
[WhiteElo "1960"]
[BlackElo "1980"]
[Result "1-0"]
[Round "1"]
1.e4 c6
2.d4 d5
3.e5 Bc8f5
4.g4 Bf5g6
5.h4 h6
6.e6 Qd8d6
7.exf7 Bg6xf7
8.Bf1h3 e5
9.dxe5 Qd6xe5
10.Qd1e2 Nb8d7
11.Bc1f4 Qe5xe2
12.Ng1xe2 Ng8f6
13.Nb1d2 Bf8c5
14.O-O-O Bc5xf2
15.Bf4d6 Bf2xh4
16.Kb1 b6
17.Ne2d4 Nf6e4
18.Nd2xe4 dxe4
19.Nd4f5 Bh4f6
20.Rh1e1 Bf7d5
21.c4  { time }
1-0

[Event "Tourn. n8898"]
[Site "www.chess-mail.com"]
[Date "2016.08.27"]
[Round "1"]
[White "Kozakliuty"]
[Black "Redabond"]
[WhiteElo "1660"]
[BlackElo "1680"]
[Result "0-1"]
[Round "1"]
1.e4 e5
2.Qd1f3 Nb8c6
3.Nb1c3 Bf8c5
4.d3 Nc6d4
5.Qf3d1 Qd8f6
6.Bc1e3 d6
7.Nc3d5 Qf6d8
8.Ng1f3 c6
9.Nd5c3 Nd4xf3
10.Qd1xf3 Bc5b4
 { time }
0-1

[Event "Tourn. n8898"]
[Site "www.chess-mail.com"]
[Date "2016.08.27"]
[Round "1"]
[White "Kozakliuty"]
[Black "Falcoale"]
[WhiteElo "1660"]
[BlackElo "1460"]
[Result "0-1"]
[Round "1"]
1.f3 c5
2.e4 e6
3.d4 cxd4
4.Qd1xd4 Nb8c6
5.Qd4f2 Ng8f6
6.Bc1d2 b6
7.Nb1c3 Bc8b7
8.O-O-O Bf8e7
9.Bd2f4 O-O
10.Bf1d3 a6
11.h4 Nf6h5
12.Bf4e3 Nc6b4
 { time }
0-1

[Event "Tourn. n8915"]
[Site "www.chess-mail.com"]
[Date "2016.08.27"]
[Round "1"]
[White "Janerol"]
[Black "Redabond"]
[WhiteElo "1490"]
[BlackElo "1680"]
[Result "0-1"]
[Round "1"]
1.e4 e5
2.Ng1f3 Nb8c6
3.Bf1b5 Bf8c5
4.Bb5xc6 dxc6
5.Nf3xe5 Qd8d4
6.O-O Qd4xe5
7.Rf1e1 Qe5f6
8.e5 Qf6xf2
9.Kh1 Bc8e6
10.Re1f1 Qf2d4
11.c3 Qd4xe5
12.Qd1f3 O-O-O
13.d4 Be6d5
14.dxe5 Bd5xf3
15.gxf3 Ng8e7
16.Bc1g5 Rd8d5
17.Bg5xe7 Rd5xe5
18.b4 Bc5xe7
19.f4 Re5e4
20.Nb1a3 Be7f6
21.Ra1d1 Bf6xc3
22.Rd1c1 Bc3b2
23.Rc1e1 Re4xe1
24.Rf1xe1 Bb2xa3
25.Re1e7 Rh8f8
26.h4 Ba3xb4
27.f5 Bb4xe7
28.h5 Rf8d8
29.a3 Rd8d2
{ resign }
0-1